| 000 | 01188nam a2200325 4500 | ||
|---|---|---|---|
| 001 | 0000013653 | ||
| 003 | CO-CtgCURN | ||
| 005 | 20260216235103.0 | ||
| 007 | ta | ||
| 008 | 160627s1994 000 0 eng d | ||
| 020 | _a9589361153 | ||
| 040 |
_aCO-CtgCURN _bspa _ccoctgcurn |
||
| 082 | 0 |
_a345.861 _bP37i |
|
| 100 | 1 | _aPérez Pinzon, Alvaro Orlando. | |
| 245 | 1 | 0 |
_aIntroducción al derecho penal / _cAlvaro Orlando Pérez Pinzon. |
| 250 | _a3a ed. | ||
| 260 |
_aBogotá : _bGente Nueva, _c1994. |
||
| 300 | _a402 p. | ||
| 336 | _2rdacontent | ||
| 337 |
_2rdamedia _asin mediacion _bn |
||
| 338 |
_2rdacarrier _avolumen _bnc |
||
| 500 | _aIncluye indice. | ||
| 504 | _aBibliografia (p. 389-402) | ||
| 505 | 8 | _aConcepto de derecho penal.--Origen del derecho penal.--Formas políticas y derecho penal.--Funciones del derecho penal.--Relaciones del derecho penal.--Principios del derecho penal.--Historia del derecho penal | |
| 650 | 1 | 4 |
_aDerecho penal _zColombia. |
| 908 | _a160627 | ||
| 942 |
_cBK _h345.861 _iP37i _2ddc _n0 |
||
| 999 |
_c19468 _d19468 |
||